Composing violence: The limits of exposure and the making of minorities (Record no. 527777)
[ view plain ]
| 000 -LEADER | |
|---|---|
| fixed length control field | 01205nam a22001457a 4500 |
| 008 - FIXED-LENGTH DATA ELEMENTS--GENERAL INFORMATION | |
| fixed length control field | 240924b ||||| |||| 00| 0 eng d |
| 100 ## - MAIN ENTRY--PERSONAL NAME | |
| Personal name | Kodikara, Chulani |
| 245 ## - TITLE STATEMENT | |
| Title | Composing violence: The limits of exposure and the making of minorities |
| 260 ## - PUBLICATION, DISTRIBUTION, ETC. (IMPRINT) | |
| Place of publication, distribution, etc | Social &Legal Studies |
| 300 ## - PHYSICAL DESCRIPTION | |
| Extent | 33(4), Aug, 2024: p.674-677 |
| 520 ## - SUMMARY, ETC. | |
| Summary, etc | Moyukh Chatterjee's Composing Violence opens with a scene not unfamiliar to many of us living in South Asia—corpses on the street; bodies shrouded in white sheets; shops, garages and houses reduced to charred black holes; and survivors like ghosts amidst the carnage. He is writing about Gujarat in the aftermath of the pogrom of 2002. Taking this scene as his point of departure, Chatterjee asks us to consider the pogrom as a technology of power and what work it does in contemporary democratic politics. He suggests that such spectacular, periodical violence whether in India or elsewhere, is not an aberration or an exception. Rather, it is constitutive of majoritarian democratic politics.- Reproduced https://journals.sagepub.com/doi/full/10.1177/09646639231216103 |
| 773 ## - HOST ITEM ENTRY | |
| Main entry heading | Social & Legal Studies |
| 906 ## - LOCAL DATA ELEMENT F, LDF (RLIN) | |
| Subject DIP | Book Review |
| 942 ## - ADDED ENTRY ELEMENTS (KOHA) | |
| Item type | Articles |
| Withdrawn status | Lost status | Source of classification or shelving scheme | Damaged status | Not for loan | Permanent location | Current location | Date acquired | Serial Enumeration / chronology | Barcode | Date last seen | Koha item type |
|---|---|---|---|---|---|---|---|---|---|---|---|
| Indian Institute of Public Administration | Indian Institute of Public Administration | 2024-09-24 | 33(4), Aug, 2024: p.674-677 | AR133210 | 2024-09-24 | Articles |
